000 00309nam a2200145Ia 4500
003 OSt
005 20240313103115.0
008 170523s9999 xx 000 0 und d
020 _anil
040 _ciimtu meerut
100 _aBANK- J
245 0 _aTOTAL QUALITY MANAGEMENT
260 _bPHI
942 _2ddc
_c02
999 _c1559
_d1559